La construction des maisons individuelles : Le guide pratique du suivi des travaux (notice n° 2240077)
[ vue normale ]
| 000 -LEADER | |
|---|---|
| fixed length control field | 01408cam a2200133 4500500 |
| 005 - DATE AND TIME OF LATEST TRANSACTION | |
| control field | 20260517002103.0 |
| 041 ## - LANGUAGE CODE | |
| Language code of text/sound track or separate title | fre |
| 042 ## - AUTHENTICATION CODE | |
| Authentication code | dc |
| 100 10 - MAIN ENTRY--PERSONAL NAME | |
| Personal name | Fomo, Bruno |
| Relator term | author |
| 245 00 - TITLE STATEMENT | |
| Title | La construction des maisons individuelles : Le guide pratique du suivi des travaux |
| 260 ## - PUBLICATION, DISTRIBUTION, ETC. | |
| Name of publisher, distributor, etc. | EMS Éditions,<br/> |
| Date of publication, distribution, etc. | 2025.<br/> |
| 520 ## - SUMMARY, ETC. | |
| Summary, etc. | Dans un secteur en constante évolution, la construction de maisons individuelles représente un défi passionnant mais complexe. Ce guide pratique, destiné aux jeunes ingénieurs en génie civil, fournit des étapes concrètes et des outils essentiels pour maîtriser chaque phase du processus de construction. Des premiers plans à la livraison finale, ce livre aborde avec clarté et précision les enjeux cruciaux, tels que la planification, la gestion des coûts et le contrôle qualité, permettant ainsi aux professionnels de suivre efficacement leurs projets. Avec des conseils pratiques, des check-lists détaillées et des exemples pertinents, cet ouvrage accompagne le lecteur à chaque étape, garantissant une exécution fluide et conforme aux attentes des clients. Que vous soyez novice ou que vous souhaitiez perfectionner vos compétences, ce manuel est un indispensable pour assurer la réussite de vos projets de construction. |
| 856 41 - ELECTRONIC LOCATION AND ACCESS | |
| Uniform Resource Identifier | <a href="https://stm.cairn.info/la-construction-des-maisons-individuelles--9782386301926?lang=fr&redirect-ssocas=7080">https://stm.cairn.info/la-construction-des-maisons-individuelles--9782386301926?lang=fr&redirect-ssocas=7080</a> |
Pas d'exemplaire disponible.




Réseaux sociaux